| 000 | 00950cab a2200205 4500 | ||
|---|---|---|---|
| 001 | WB4006-15 | ||
| 008 | 040212n2004 000 0 eng u | ||
| 035 | _a(Sirsi) u125141 | ||
| 245 | _aDevelopers' contributions must stay linked and local | ||
| 260 | _c2004 | ||
| 490 |
_aRICS Press Release _v5 February 2004 (1) |
||
| 520 | _aRICS has urged government to include a necessity test in reforms to the Planning and Compulsory Purchase Bill so that developers' contributions to communities remain linked to the local area affected by development. http://www.rics.org/ricscms/bin/show?class=PressRe lease&template=/includes/showpr.html&id=1109&facul ty=RICS | ||
| 590 | _aWB | ||
| 650 | _aDEVELOPERS CONTRIBUTIONS | ||
| 650 | _aPLANNING AND COMPULSORY PURCHASE ACT 2004 | ||
| 650 | _aPLANNING REFORM | ||
| 650 | _aTOWN AND COUNTRY PLANNING ACT 1990 S106 | ||
| 690 | _aENVIRONMENTAL AND LAND CONSULTANCY-PLANNING AND DEVELOPMENT | ||
| 942 | _n0 | ||
| 999 |
_c74148 _d74148 |
||